[Event "Wch U12"]
[Site "Batumi"]
[Date "2022.09.17"]
[Round "2"]
[White "Kerimov, Arlan"]
[Black "Mrinmoy, Rajkhowa"]
[Result "0-1"]
[WhiteElo "1242"]
[BlackElo "1635"]
[PlyCount "108"]
[EventDate "2022.09.16"]
[EventType "swiss"]
[EventRounds "11"]
[EventCountry "GEO"]
[SourceTitle "EXT 2023"]
[Source "ChessBase"]
[SourceDate "2022.10.05"]
[SourceVersion "1"]
[SourceVersionDate "2022.10.05"]
[SourceQuality "1"]

1. e4 c5 2. Nf3 d6 3. d4 cxd4 4. Nxd4 Nf6 5. Nc3 a6 6. Bg5 e6 7. Qe2 Be7 8. 0-0-0 Qc7 9. h4 h6 10. Be3 b5 11. f3 b4 12. Nb1 d5 13. exd5 Nxd5 14. Bf2 0-0 15. g4 a5 16. Nd2 Ba6 17. Qe4 Bxf1 18. Nxe6 fxe6 19. Qxe6+ Kh8 20. Qxd5 Ba6 21. Qxa8 Bd3 22. Kb1 Qxc2+ 23. Ka1 Bf6 24. Rb1 Qxd2 25. g5 Be5 26. Qd5 Qxf2 27. Qxd3 Rxf3 28. Qb5 Bd6 29. Rhf1 Qe3 30. Rxf3 Qxf3 31. Qe8+ Qf8 32. Qxf8+ Bxf8 33. g6 h5 34. Rf1 Kg8 35. Rf5 Nc6 36. Rxh5 Be7 37. Kb1 a4 38. Kc2 a3 39. bxa3 bxa3 40. Kb3 Nd4+ 41. Kc4 Nf3 42. Ra5 Nxh4 43. Ra8+ Bf8 44. Ra6 Nf5 45. Kd5 Ne3+ 46. Ke6 Nd1 47. Rc6 Nf2 48. Rc3 Ne4 49. Rc8 Nc5+ 50. Kd5 Nd3 51. Kd4 Nb4 52. Kc3 Nd5+ 53. Kd4 Ne7 54. Ra8 Nxg6 0-1

[Event "KAZ-ch U12"]
[Site "Ak Bulak"]
[Date "2022.03.20"]
[Round "1"]
[White "Kerimov, Arlan"]
[Black "Bogdanov, Artyom"]
[Result "0-1"]
[WhiteElo "1117"]
[BlackElo "2039"]
[PlyCount "102"]
[EventDate "2022.03.20"]
[EventType "swiss"]
[EventRounds "9"]
[EventCountry "KAZ"]
[SourceTitle "EXT 2023"]
[Source "ChessBase"]
[SourceDate "2022.10.05"]
[SourceVersion "1"]
[SourceVersionDate "2022.10.05"]
[SourceQuality "1"]

1. e4 c6 2. d4 d5 3. Nc3 dxe4 4. Nxe4 Bf5 5. Ng3 Bg6 6. Nf3 Nd7 7. h4 h6 8. h5 Bh7 9. Bd3 Bxd3 10. Qxd3 e6 11. Bd2 Qc7 12. 0-0-0 Ngf6 13. Ne4 0-0-0 14. Kb1 Nxe4 15. Qxe4 Nf6 16. Qe2 Bd6 17. g3 Kb8 18. c4 Ka8 19. c5 Be7 20. Bf4 Qc8 21. Ne5 Rhf8 22. Nc4 Nd5 23. Qf3 Nxf4 24. Qxf4 Rd5 25. Rd3 Bxc5 26. Ne3 Rd7 27. Qe5 Be7 28. Qxg7 Bg5 29. f4 Rg8 30. Qe5 Be7 31. g4 Qd8 32. Rhd1 Bd6 33. Qe4 Qf6 34. f5 Re7 35. Rg1 Rg5 36. Qf3 Re8 37. Qd1 Reg8 38. fxe6 fxe6 39. Rf1 Qe7 40. Qf3 Qh7 41. Nc4 Bc7 42. Ka1 a6 43. Re1 Rxg4 44. Ne5 Bxe5 45. Rxe5 Rg1+ 46. Rd1 Qf7 47. Qb3 Qf1 48. Kb1 Qxd1+ 49. Qxd1 Rxd1+ 50. Kc2 Rxd4 51. Rxe6 Rh8 0-1